[Event "Landesklasse Ost 2012/2013"]
[Site "?"]
[Date "2012.11.25"]
[Round "3"]
[White "Jank, Kevin"]
[Black "Wilmar, Andre"]
[Result "0-1"]
[WhiteElo "1650"]
[BlackElo "1904"]
[PlyCount "44"]
[EventDate "2012.??.??"]
[WhiteTeam "SG Arnstadt-Stadtilm"]
[BlackTeam "Meuselwitzer SV"]

1. e4 c5 2. Nf3 a6 3. Be2 e6 4. O-O Nc6 5. d3 Qc7 6. Nc3 Nf6 7. Bg5 Be7 8. a4
h6 9. Bh4 O-O 10. d4 cxd4 11. Nxd4 Re8 12. Kh1 Nxe4 13. Nxe4 Bxh4 14. c3 d5 15.
Nxc6 bxc6 16. Nc5 Be7 17. Nd3 Bd6 18. h3 e5 19. Qd2 Bf5 20. Rfd1 a5 21. Rac1 e4
22. Ne1 Bf4 0-1

[Event "Landesklasse Ost 2012/2013"]
[Site "?"]
[Date "2012.11.25"]
[Round "3"]
[White "Eicke, Andreas"]
[Black "Zeising, Benjamin"]
[Result "0-1"]
[WhiteElo "1814"]
[BlackElo "1773"]
[PlyCount "118"]
[EventDate "2012.??.??"]
[WhiteTeam "Meuselwitzer SV"]
[BlackTeam "SG Arnstadt-Stadtilm"]

1. Nf3 Nf6 2. d4 g6 3. c4 Bg7 4. g3 O-O 5. Bg2 d6 6. O-O c6 7. Nc3 Bf5 8. Bf4
Qb6 9. b3 Nbd7 10. Qd2 Ne4 11. Nxe4 Bxe4 12. Rfd1 c5 13. dxc5 Qxc5 14. Rac1 Qa3
15. Bh6 Bxh6 16. Qxh6 Bxf3 17. Bxf3 Qxa2 18. Rd4 Qb2 19. Rh4 Qg7 20. Qxg7+ Kxg7
21. Bxb7 Rab8 22. Bc6 Nc5 23. Ra1 a6 24. Ba4 Rb4 25. Kf1 Nxa4 26. Rxa4 Rxa4 27.
bxa4 Rb8 28. c5 Rb1+ 29. Kg2 dxc5 30. Rc4 Rb4 31. Rxc5 Rxa4 32. Rc7 Kf6 33. Ra7
Ra1 34. e4 a5 35. f4 e6 36. e5+ Kg7 37. Kh3 a4 38. Ra8 a3 39. Ra7 a2 40. Ra8 h6
41. Ra7 g5 42. fxg5 hxg5 43. Kg2 g4 44. Ra4 Kh6 45. Ra3 Kg5 46. Ra7 Kg6 47. Ra3
Kf5 48. Ra5 Ke4 49. Ra8 Kxe5 50. Ra5+ Kf6 51. Ra7 Kg5 52. Ra5+ f5 53. Ra8 e5
54. Rg8+ Kf6 55. Ra8 e4 56. Ra6+ Kg5 57. Ra8 e3 58. Rg8+ Kh6 59. Rg6+ Kxg6 0-1

[Event "Landesklasse Ost 2012/2013"]
[Site "?"]
[Date "2012.11.25"]
[Round "3"]
[White "Habl, Klaus"]
[Black "Kühne, Niklas"]
[Result "1-0"]
[WhiteElo "1671"]
[BlackElo "1724"]
[PlyCount "97"]
[EventDate "2012.??.??"]
[WhiteTeam "SG Arnstadt-Stadtilm"]
[BlackTeam "Meuselwitzer SV"]

1. e4 c5 2. d4 cxd4 3. c3 Nf6 4. e5 Nd5 5. Bc4 Nb6 6. Bb3 d5 7. cxd4 Nc6 8. f4
Bf5 9. Nf3 e6 10. O-O Be7 11. Nc3 O-O 12. Bc2 Bxc2 13. Qxc2 Rc8 14. Be3 Nc4 15.
Qe2 Qb6 16. Rab1 Rc7 17. g4 f6 18. b3 Nxe3 19. Qxe3 fxe5 20. Na4 Qb4 21. fxe5
b5 22. Nb2 Qa5 23. a4 Nb4 24. Ng5 Bxg5 25. Rxf8+ Kxf8 26. Qxg5 Rf7 27. Rc1 Kg8
28. Rc8+ Rf8 29. Qe7 Rxc8 30. Qxe6+ Kf8 31. Qxc8+ Ke7 32. Qg8 Qb6 33. Qxg7+ Ke8
34. Qg8+ Ke7 35. Qxh7+ Ke8 36. Qh8+ Kd7 37. Qg7+ Ke8 38. Qg8+ Ke7 39. Qg5+ Ke8
40. Qg8+ Ke7 41. Qg7+ Ke8 42. e6 Qxe6 43. Qe5 Qxe5 44. dxe5 bxa4 45. bxa4 Ke7
46. Kf2 Ke6 47. Ke3 d4+ 48. Ke4 a5 49. Nd3 1-0

[Event "Landesklasse Ost 2012/2013"]
[Site "?"]
[Date "2012.11.25"]
[Round "3"]
[White "Schmidt, Jörg"]
[Black "Specht, Horst"]
[Result "1-0"]
[WhiteElo "1763"]
[BlackElo "1569"]
[PlyCount "45"]
[EventDate "2012.??.??"]
[WhiteTeam "Meuselwitzer SV"]
[BlackTeam "SG Arnstadt-Stadtilm"]

1. e4 c5 2. b3 Nc6 3. Bb2 e6 4. Nf3 a6 5. Be2 d5 6. exd5 exd5 7. d4 cxd4 8.
Nxd4 Nxd4 9. Qxd4 Be6 10. Nc3 Nf6 11. Bf3 Qa5 12. O-O Rd8 13. Na4 Be7 14. g4 h6
15. h4 Qc7 16. Rfe1 Qxc2 17. Rac1 Qg6 18. Rc7 b5 19. Rxe7+ Kxe7 20. Ba3+ Ke8
21. Qc5 Rd7 22. Qc8+ Rd8 23. Rxe6+ 1-0

[Event "Landesklasse Ost 2012/2013"]
[Site "?"]
[Date "2012.11.25"]
[Round "3"]
[White "Scheller, Thomas"]
[Black "Schmidt, Jens"]
[Result "1/2-1/2"]
[WhiteElo "1604"]
[BlackElo "1756"]
[PlyCount "80"]
[EventDate "2012.??.??"]
[WhiteTeam "SG Arnstadt-Stadtilm"]
[BlackTeam "Meuselwitzer SV"]

1. d4 d5 2. g3 Nf6 3. Bg2 c6 4. Nf3 e6 5. O-O Bd6 6. Re1 O-O 7. b3 Nbd7 8. Ba3
Bxa3 9. Nxa3 Qe7 10. Nb1 e5 11. dxe5 Nxe5 12. Nbd2 Bf5 13. Nh4 Bg4 14. Nhf3
Rad8 15. c3 Rfe8 16. Qc2 Qd7 17. Rad1 Bf5 18. Qb2 Nxf3+ 19. Bxf3 Qe7 20. e3 Qe5
21. Qc1 Bg4 22. Bxg4 Nxg4 23. h3 Nf6 24. Qc2 Qh5 25. Kg2 Qe5 26. Qd3 h5 27. Qd4
Qxd4 28. cxd4 Ne4 29. Nxe4 dxe4 30. h4 Rd5 31. Rc1 f6 32. Rc2 Kf7 33. Rec1 Ke6
34. Rc5 Rxc5 35. Rxc5 g6 36. f3 exf3+ 37. Kxf3 Rd8 38. Rc4 f5 39. Kf4 Kf6 40.
Rc5 Re8 1/2-1/2

[Event "Landesklasse Ost 2012/2013"]
[Site "?"]
[Date "2012.11.25"]
[Round "3"]
[White "Hercher, Ralf"]
[Black "Pecher, Peter"]
[Result "1/2-1/2"]
[WhiteElo "1739"]
[BlackElo "1378"]
[PlyCount "67"]
[EventDate "2012.??.??"]
[WhiteTeam "Meuselwitzer SV"]
[BlackTeam "SG Arnstadt-Stadtilm"]

1. d4 Nf6 2. c4 d5 3. Nc3 e6 4. Bg5 Be7 5. e3 Nbd7 6. Nf3 h6 7. Bh4 c5 8. Bd3
O-O 9. O-O Re8 10. Rc1 b6 11. b3 a6 12. Re1 Bb7 13. Bb1 Ne4 14. Bxe7 Qxe7 15.
Qd3 Ndf6 16. Ne5 Nxc3 17. Rxc3 Rad8 18. f3 Rc8 19. Rec1 dxc4 20. bxc4 cxd4 21.
Qxd4 Rc5 22. Rd1 Rec8 23. Rcd3 g6 24. Bc2 b5 25. Bb3 bxc4 26. Nxc4 Bd5 27. Nb6
R8c7 28. e4 Bxb3 29. axb3 h5 30. Na4 R5c6 31. Qe3 Kh7 32. Qf4 Kg7 33. Qe5 Kh7
34. Rd8 1/2-1/2

[Event "Landesklasse Ost 2012/2013"]
[Site "?"]
[Date "2012.11.25"]
[Round "3"]
[White "Riedel, Erich"]
[Black "Naundorf, Johannes"]
[Result "1/2-1/2"]
[WhiteElo "1533"]
[BlackElo "1493"]
[PlyCount "47"]
[EventDate "2012.??.??"]
[WhiteTeam "SG Arnstadt-Stadtilm"]
[BlackTeam "Meuselwitzer SV"]

1. e4 e5 2. Nf3 d6 3. Bc4 Be7 4. d4 Nf6 5. Nc3 Nbd7 6. Bxf7+ Kxf7 7. Ng5+ Kg8
8. Ne6 Qe8 9. Nxc7 Qd8 10. Nxa8 b6 11. Nxb6 Nxb6 12. dxe5 dxe5 13. Qxd8+ Bxd8
14. O-O Kf7 15. f3 Be7 16. Rd1 Bc5+ 17. Kh1 Ba6 18. Rb1 Rc8 19. Nd5 Nfxd5 20.
exd5 Bd6 21. c3 Rc5 22. Be3 Ra5 23. Bxb6 axb6 24. a3 1/2-1/2

[Event "Landesklasse Ost 2012/2013"]
[Site "?"]
[Date "2012.11.25"]
[Round "3"]
[White "Becker, Dieter"]
[Black "Pfau, Lucien"]
[Result "1/2-1/2"]
[WhiteElo "1640"]
[BlackElo "1401"]
[PlyCount "55"]
[EventDate "2012.??.??"]
[WhiteTeam "Meuselwitzer SV"]
[BlackTeam "SG Arnstadt-Stadtilm"]

1. d4 Nf6 2. c4 c5 3. d5 d6 4. Nc3 Bf5 5. e3 Nbd7 6. Nf3 e5 7. h3 Nb6 8. Be2
Be7 9. O-O O-O 10. Nh2 e4 11. b3 Re8 12. a4 a5 13. Bd2 Bg6 14. Qe1 Nfd7 15. Qd1
f5 16. Nb5 Rf8 17. Bc3 Bf6 18. Rc1 Ne5 19. Qd2 Nc8 20. Kh1 b6 21. Ba1 Na7 22.
Nc3 Rb8 23. Bd1 Nd3 24. Rb1 Rb7 25. f4 Rbf7 26. Be2 Nb4 27. g4 Bh4 28. g5
1/2-1/2

[Event "Landesklasse Ost 2012/2013"]
[Site "?"]
[Date "2012.11.25"]
[Round "3"]
[White "Sack, Matthias"]
[Black "Mysliwiec, Jörg"]
[Result "0-1"]
[WhiteElo "1964"]
[BlackElo "2012"]
[PlyCount "80"]
[EventDate "2012.??.??"]
[WhiteTeam "SV Hermsdorf"]
[BlackTeam "SSV Vimaria 91 Weimar"]

1. e4 c6 2. d4 d5 3. Nc3 dxe4 4. Nxe4 Nf6 5. Nxf6+ gxf6 6. Bc4 Bf5 7. Ne2 e6 8.
Ng3 Bg6 9. h4 h5 10. c3 Bd6 11. Qf3 Nd7 12. Ne4 Bxe4 13. Qxe4 Qc7 14. Bd2 O-O-O
15. O-O-O f5 16. Qf3 c5 17. Bg5 Rde8 18. Bb5 c4 19. Rhe1 a6 20. Bxd7+ Qxd7 21.
g3 Kc7 22. Bf6 Rhg8 23. Qxh5 Rg4 24. Be5 Bxe5 25. dxe5 Qe7 26. Qh6 f4 27. Rd4
Reg8 28. Rxf4 R8g6 29. Qh8 Rxf4 30. gxf4 Rg4 31. h5 Rxf4 32. Qg7 Rxf2 33. Qg3
Qc5 34. Re3 Rf1+ 35. Kc2 Qd5 36. Re1 Rf3 37. Qg1 Rh3 38. Rd1 Qxe5 39. Rd2 Qe4+
40. Kc1 Rh1 0-1

[Event "Landesklasse Ost 2012/2013"]
[Site "?"]
[Date "2012.11.25"]
[Round "3"]
[White "Rensch, Toralf"]
[Black "Hadlich, Gerald"]
[Result "1/2-1/2"]
[WhiteElo "1977"]
[BlackElo "1806"]
[PlyCount "80"]
[EventDate "2012.??.??"]
[WhiteTeam "SSV Vimaria 91 Weimar"]
[BlackTeam "SV Hermsdorf"]

1. e4 e6 2. d4 d5 3. Nd2 Be7 4. Ngf3 Nf6 5. Bd3 dxe4 6. Nxe4 Nbd7 7. c3 O-O 8.
O-O b6 9. Qe2 Bb7 10. Ng3 c5 11. Ba6 Bxa6 12. Qxa6 cxd4 13. Nxd4 Nc5 14. Qe2
Qc7 15. Nb5 Qb7 16. Rd1 Rfd8 17. Be3 a6 18. Nd4 b5 19. Nb3 Qc7 20. Nxc5 Bxc5
21. Bxc5 Qxc5 22. Ne4 Nxe4 23. Qxe4 Qc7 24. g3 Rab8 25. Kf1 g6 26. Ke1 Kf8 27.
Rxd8+ Rxd8 28. Rd1 Rxd1+ 29. Kxd1 Qd6+ 30. Kc2 h5 31. a4 Qc5 32. Qf4 e5 33. Qf6
bxa4 34. f4 a3 35. bxa3 Qxa3 36. Qxe5 Qa2+ 37. Kd3 Qf2 38. Qd6+ Kg7 39. c4 Qf1+
40. Kc3 Qa1+ 1/2-1/2

[Event "Landesklasse Ost 2012/2013"]
[Site "?"]
[Date "2012.11.25"]
[Round "3"]
[White "Moje, Hans-Jürgen"]
[Black "Weiß, Thomas"]
[Result "0-1"]
[WhiteElo "1783"]
[BlackElo "1912"]
[PlyCount "102"]
[EventDate "2012.??.??"]
[WhiteTeam "SV Hermsdorf"]
[BlackTeam "SSV Vimaria 91 Weimar"]

1. e4 e6 2. d4 d5 3. e5 c5 4. c3 Nc6 5. Nf3 Qb6 6. Bd3 cxd4 7. cxd4 Bd7 8. O-O
Nxd4 9. Nxd4 Qxd4 10. Nc3 Ne7 11. Nb5 Qxe5 12. g3 Bxb5 13. Bxb5+ Nc6 14. Bf4
Qxb2 15. Qa4 Rc8 16. Rfc1 Bc5 17. Rxc5 Qxa1+ 18. Rc1 Qb2 19. Rc2 Qb1+ 20. Rc1
Qb2 21. Rc2 Qf6 22. Bd6 Kd7 23. Ba3 Rc7 24. Qxa7 Rd8 25. Bb2 Qf5 26. Rc1 g5 27.
Bd4 h5 28. Bb6 Rdc8 29. Bxc7 Rxc7 30. Qd4 f6 31. Qc5 Qe5 32. Qf8 Qb2 33. Qf7+
Kd6 34. Qf8+ Re7 35. Rxc6+ bxc6 36. Bf1 Qxa2 37. Qxf6 Qd2 38. Qf8 Qd4 39. Qd8+
Rd7 40. Qxg5 Qe5 41. Qg8 Kc7 42. Qa8 d4 43. Qa7+ Kd8 44. Qa8+ Ke7 45. Qxc6 d3
46. Bxd3 Rxd3 47. Qb7+ Rd7 48. Qb4+ Ke8 49. Qa4 Qd5 50. Qb4 Rb7 51. Qa4+ Kd8
0-1

[Event "Landesklasse Ost 2012/2013"]
[Site "?"]
[Date "2012.11.25"]
[Round "3"]
[White "Vogel, Steffen"]
[Black "Pietzsch, Gerhard"]
[Result "1/2-1/2"]
[WhiteElo "1834"]
[BlackElo "1804"]
[PlyCount "68"]
[EventDate "2012.??.??"]
[WhiteTeam "SSV Vimaria 91 Weimar"]
[BlackTeam "SV Hermsdorf"]

1. d4 Nf6 2. c4 g6 3. Nc3 d5 4. e3 Bg7 5. Nf3 O-O 6. Bd3 c5 7. O-O cxd4 8. Nxd4
e5 9. Nb3 Nc6 10. cxd5 Nxd5 11. Nxd5 Qxd5 12. e4 Qd6 13. Be3 b6 14. Bc4 Nd4 15.
Bd5 Ba6 16. Re1 Rac8 17. Nxd4 exd4 18. Bxd4 Bxd4 19. Qxd4 Qd7 20. Rac1 Bb7 21.
Red1 Bxd5 22. Rxc8 Rxc8 23. Qxd5 Qxd5 24. exd5 Rd8 25. f4 f6 26. Kf2 Kf7 27.
Ke3 Ke7 28. Kd4 Rc8 29. Rd2 Rc1 30. b3 Kd6 31. b4 b5 32. a3 Rc4+ 33. Ke3 Rc3+
34. Kd4 Rc4+ 1/2-1/2

[Event "Landesklasse Ost 2012/2013"]
[Site "?"]
[Date "2012.11.25"]
[Round "3"]
[White "Markowski, Erhard"]
[Black "Gebuhr, Günter"]
[Result "1/2-1/2"]
[WhiteElo "1713"]
[BlackElo "1775"]
[PlyCount "49"]
[EventDate "2012.??.??"]
[WhiteTeam "SV Hermsdorf"]
[BlackTeam "SSV Vimaria 91 Weimar"]

1. c4 Nf6 2. Nc3 c5 3. e4 Nc6 4. f4 d6 5. Nf3 e5 6. d3 Be7 7. Be2 O-O 8. O-O
Nd4 9. Rb1 a6 10. b4 cxb4 11. Rxb4 Qa5 12. Qa4 Nxf3+ 13. Bxf3 Qc5+ 14. Kh1 d5
15. Rb1 b5 16. Qd1 dxc4 17. fxe5 Qxe5 18. d4 Qb8 19. e5 Nd7 20. Nd5 Bd8 21. Bf4
Qa7 22. Nb4 Bb7 23. d5 Re8 24. Re1 Nf8 25. Qc2 1/2-1/2

[Event "Landesklasse Ost 2012/2013"]
[Site "?"]
[Date "2012.11.25"]
[Round "3"]
[White "Mitter, Frank"]
[Black "Pietsch, Karsten"]
[Result "1-0"]
[WhiteElo "1770"]
[BlackElo "1661"]
[PlyCount "61"]
[EventDate "2012.??.??"]
[WhiteTeam "SSV Vimaria 91 Weimar"]
[BlackTeam "SV Hermsdorf"]

1. d4 d5 2. c4 c6 3. e3 Nf6 4. Nf3 e6 5. Nc3 Nbd7 6. Bd3 dxc4 7. Bxc4 b5 8. Bd3
a6 9. O-O c5 10. a4 b4 11. Ne4 Bb7 12. Nxf6+ Nxf6 13. Qe2 Be7 14. Rd1 Qc7 15.
Bd2 O-O 16. Rac1 Qa5 17. Bc2 Rac8 18. Ne5 Rfd8 19. Nc4 Qc7 20. a5 Qb8 21. Nb6
Rc6 22. Ba4 Rxb6 23. axb6 cxd4 24. exd4 Rxd4 25. Be3 Rh4 26. g3 Ng4 27. Bc6 h5
28. Rd7 Bxc6 29. Rxc6 Bf8 30. b7 Rxh2 31. Rc8 1-0

[Event "Landesklasse Ost 2012/2013"]
[Site "?"]
[Date "2012.11.25"]
[Round "3"]
[White "Plötner, Jens"]
[Black "Latka, Robert"]
[Result "1/2-1/2"]
[WhiteElo "1716"]
[BlackElo "1680"]
[PlyCount "99"]
[EventDate "2012.??.??"]
[WhiteTeam "SV Hermsdorf"]
[BlackTeam "SSV Vimaria 91 Weimar"]

1. d4 Nf6 2. Nf3 d5 3. c4 e6 4. Nc3 Nbd7 5. Bg5 Be7 6. e3 O-O 7. Bd3 dxc4 8.
Bxc4 c5 9. O-O b6 10. Bf4 Bb7 11. Nb5 Nd5 12. Bg3 N7f6 13. Qe2 Ne4 14. Rfd1 a6
15. Bxd5 exd5 16. Nc3 Nxg3 17. hxg3 c4 18. a4 Bd6 19. Nd2 f5 20. b3 cxb3 21.
Nxb3 Qg5 22. Nd2 Rae8 23. Nf1 Rf6 24. f4 Qh6 25. Kf2 g5 26. Qf3 Rc8 27. Rdc1
Bb4 28. Nxd5 Rxc1 29. Rxc1 Rf7 30. e4 fxe4 31. Qxe4 Qd6 32. Nfe3 Bd2 33. Qe8+
Kg7 34. Rh1 Bxe3+ 35. Nxe3 Qf6 36. Qe5 gxf4 37. Qxf6+ Rxf6 38. Ng4 Rg6 39. Ne5
Rxg3 40. Rh4 h6 41. Nf3 Rg6 42. Rxf4 Rf6 43. Rh4 a5 44. Ke3 Bc6 45. Rg4+ Kf8
46. Ne5 Bxa4 47. d5 Be8 48. Nc4 Ke7 49. Rd4 Kd7 50. d6 1/2-1/2

[Event "Landesklasse Ost 2012/2013"]
[Site "?"]
[Date "2012.11.25"]
[Round "3"]
[White "Seifert, Michael"]
[Black "Schmidt, Uwe"]
[Result "1-0"]
[WhiteElo "1723"]
[BlackElo "1942"]
[PlyCount "59"]
[EventDate "2012.??.??"]
[WhiteTeam "SV Schott Jena"]
[BlackTeam "SV Medizin Erfurt"]

1. Nf3 d5 2. g3 Nf6 3. Bg2 g6 4. O-O Bg7 5. d3 O-O 6. Nbd2 c5 7. e4 e6 8. Qe2
Nc6 9. c3 Qb6 10. Nh4 Rd8 11. e5 Ne8 12. f4 Qc7 13. Kh1 b5 14. g4 b4 15. Nb3
Na5 16. Nxa5 Qxa5 17. Bd2 Qb5 18. c4 Qd7 19. Be3 Qe7 20. Qf2 Bf8 21. Rac1 d4
22. Bxa8 dxe3 23. Qe1 Rxd3 24. Ng2 Rd2 25. Qxe3 Rxb2 26. Rf2 Rxf2 27. Qxf2 a5
28. Qf3 f6 29. Rd1 Ba6 30. Qc6 1-0

[Event "Landesklasse Ost 2012/2013"]
[Site "?"]
[Date "2012.11.25"]
[Round "3"]
[White "Zeuner, Ulrich"]
[Black "Lorenz, Nicole"]
[Result "0-1"]
[WhiteElo "1979"]
[BlackElo "1892"]
[PlyCount "76"]
[EventDate "2012.??.??"]
[WhiteTeam "SV Medizin Erfurt"]
[BlackTeam "SV Schott Jena"]

1. Nf3 e6 2. g3 Nf6 3. Bg2 d5 4. d3 Be7 5. O-O O-O 6. Nbd2 Nbd7 7. e4 dxe4 8.
dxe4 e5 9. Nc4 Nxe4 10. Ncxe5 Ndf6 11. Qe2 c6 12. Bf4 Re8 13. Rfd1 Qb6 14. Nd4
Bc5 15. c3 Bxd4 16. Rxd4 Nc5 17. Qd2 Ne6 18. Rb4 Qa5 19. Nc4 Qh5 20. Nd6 Rd8
21. Re1 a5 22. Rc4 Nxf4 23. Rxf4 Be6 24. Rd4 Bxa2 25. Nxb7 Rxd4 26. Qxd4 Qb5
27. Nd6 Qxb2 28. Bxc6 Rd8 29. Qe5 h6 30. Nf5 Qd2 31. Re2 Qd1+ 32. Kg2 Bc4 33.
Re1 Qd2 34. Bf3 Rd3 35. Rb1 Rxf3 36. Ne7+ Kh7 37. Kxf3 Qd3+ 38. Kg2 Qxb1 0-1

[Event "Landesklasse Ost 2012/2013"]
[Site "?"]
[Date "2012.11.25"]
[Round "3"]
[White "Schlachetka, Werner"]
[Black "Sunderbrink, Heino"]
[Result "0-1"]
[WhiteElo "1904"]
[BlackElo "1947"]
[PlyCount "88"]
[EventDate "2012.??.??"]
[WhiteTeam "SV Schott Jena"]
[BlackTeam "SV Medizin Erfurt"]

1. e4 Nf6 2. Nc3 d5 3. exd5 Nxd5 4. g3 Nxc3 5. bxc3 g6 6. Bg2 Bg7 7. Rb1 c6 8.
Ne2 O-O 9. O-O Qc7 10. d3 Nd7 11. c4 Nf6 12. Bb2 Re8 13. h3 e5 14. Re1 Be6 15.
g4 Rad8 16. Qc1 Bc8 17. Ng3 Nd7 18. Qe3 c5 19. f4 exf4 20. Qxe8+ Rxe8 21. Rxe8+
Nf8 22. Bxg7 Kxg7 23. Ne2 Ne6 24. Nc3 f3 25. Bxf3 Qg3+ 26. Bg2 Nf4 27. Re2
Nxe2+ 28. Nxe2 Qe3+ 29. Kf1 b6 30. Rd1 f5 31. gxf5 Bxf5 32. Ng1 Qf4+ 33. Ke2
Qg3 34. Bd5 Qh2+ 35. Ke3 Qxc2 36. Rd2 Qc3 37. Nf3 Bxh3 38. Be4 h6 39. Rh2 Be6
40. Kf4 g5+ 41. Kg3 Qf6 42. Rf2 h5 43. Ng1 h4+ 44. Kg2 h3+ 0-1

[Event "Landesklasse Ost 2012/2013"]
[Site "?"]
[Date "2012.11.25"]
[Round "3"]
[White "Rost, Detlef"]
[Black "Berkov, Mikhail"]
[Result "1-0"]
[WhiteElo "1865"]
[BlackElo "1750"]
[PlyCount "35"]
[EventDate "2012.??.??"]
[WhiteTeam "SV Medizin Erfurt"]
[BlackTeam "SV Schott Jena"]

1. d4 Nf6 2. c4 g6 3. Nc3 d5 4. cxd5 Nxd5 5. Bd2 Bg7 6. e4 Nb6 7. Be3 O-O 8.
Nf3 c6 9. Be2 N8d7 10. a4 a5 11. Qb3 Nf6 12. h3 Qc7 13. Rc1 Bd7 14. d5 Nc8 15.
e5 Ne8 16. e6 fxe6 17. dxe6 Bxc3+ 18. Rxc3 1-0

[Event "Landesklasse Ost 2012/2013"]
[Site "?"]
[Date "2012.11.25"]
[Round "3"]
[White "Mauch, Johannes"]
[Black "Nguyen, Huy Dat"]
[Result "1/2-1/2"]
[WhiteElo "1580"]
[BlackElo "1682"]
[PlyCount "62"]
[EventDate "2012.??.??"]
[WhiteTeam "SV Schott Jena"]
[BlackTeam "SV Medizin Erfurt"]

1. e4 c5 2. Nf3 Nc6 3. d3 g6 4. g3 Bg7 5. Bg2 e6 6. Qe2 d6 7. c3 Nge7 8. O-O
O-O 9. Nbd2 b6 10. Re1 Ba6 11. Nf1 Ne5 12. Rd1 N7c6 13. Ne3 Qe7 14. Nh4 g5 15.
Nf3 Nxf3+ 16. Bxf3 Rab8 17. Bg2 b5 18. Qc2 b4 19. Nc4 Bxc4 20. dxc4 bxc3 21.
bxc3 Rfd8 22. f4 gxf4 23. Bxf4 e5 24. Be3 Qe6 25. Qa4 Rb6 26. Rd2 Bh6 27. Bxh6
Qxh6 28. Rd3 Qe6 29. Rf1 Rd7 30. Bf3 Rdb7 31. Rfd1 Nd8 1/2-1/2

[Event "Landesklasse Ost 2012/2013"]
[Site "?"]
[Date "2012.11.25"]
[Round "3"]
[White "Kube, Hannelore"]
[Black "Richter, Gerhard"]
[Result "1/2-1/2"]
[WhiteElo "1813"]
[BlackElo "2040"]
[PlyCount "43"]
[EventDate "2012.??.??"]
[WhiteTeam "SV Medizin Erfurt"]
[BlackTeam "SV Schott Jena"]

1. c4 b6 2. Nc3 Bb7 3. e4 e6 4. d4 Bb4 5. Bd3 f5 6. Qe2 Nf6 7. Bg5 fxe4 8. Bxe4
Bxe4 9. Bxf6 Qxf6 10. Qxe4 O-O 11. Nf3 Nc6 12. O-O Bxc3 13. bxc3 Qf5 14. Qe2
Rae8 15. Rab1 e5 16. c5 e4 17. Nd2 Qe6 18. cxb6 axb6 19. Rb2 d5 20. Re1 Rf6 21.
f3 Qf7 22. fxe4 1/2-1/2

[Event "Landesklasse Ost 2012/2013"]
[Site "?"]
[Date "2012.11.25"]
[Round "3"]
[White "Jordan, Gunter"]
[Black "Eger, Axel"]
[Result "1-0"]
[WhiteElo "1845"]
[BlackElo "1849"]
[PlyCount "91"]
[EventDate "2012.??.??"]
[WhiteTeam "SV Schott Jena"]
[BlackTeam "SV Medizin Erfurt"]

1. d4 Nf6 2. c4 e6 3. Nc3 d5 4. Bg5 Be7 5. e3 O-O 6. Nf3 Nbd7 7. Rc1 c6 8. Bd3
Re8 9. O-O b6 10. cxd5 exd5 11. Qc2 Bb7 12. Ne5 h6 13. Bf4 Nxe5 14. Bxe5 Bd6
15. Bxd6 Qxd6 16. Bf5 Bc8 17. h3 Bxf5 18. Qxf5 Qe6 19. Qxe6 Rxe6 20. Rc2 Rc8
21. Rfc1 Kf8 22. Nb5 c5 23. dxc5 bxc5 24. Rxc5 Rxc5 25. Rxc5 Rb6 26. b3 a6 27.
Nc7 Rd6 28. Ra5 d4 29. exd4 Rxd4 30. Nxa6 Rd1+ 31. Kh2 Ne4 32. f3 Nd2 33. Nb4
Ra1 34. Ra6 g6 35. Rd6 Nf1+ 36. Kg1 Ne3+ 37. Kf2 Nd1+ 38. Kg3 Nc3 39. Rc6 Ne2+
40. Kf2 Nd4 41. Rc4 Rd1 42. Ke3 Nf5+ 43. Ke2 Rg1 44. Kf2 Rd1 45. g4 Nd4 46. Ke3
1-0

[Event "Landesklasse Ost 2012/2013"]
[Site "?"]
[Date "2012.11.25"]
[Round "3"]
[White "Knorre, Jonas"]
[Black "Flechsig, Bernd"]
[Result "0-1"]
[WhiteElo "1600"]
[BlackElo "1707"]
[PlyCount "56"]
[EventDate "2012.??.??"]
[WhiteTeam "SV Medizin Erfurt"]
[BlackTeam "SV Schott Jena"]

1. e4 b6 2. Bc4 Bb7 3. Nc3 e6 4. Nf3 Ne7 5. d3 g6 6. O-O Bg7 7. Bg5 h6 8. Bf4
d6 9. Qd2 g5 10. Bg3 Nd7 11. h4 g4 12. Nh2 h5 13. f3 Bd4+ 14. Kh1 Ng6 15. fxg4
hxg4 16. Rab1 Qe7 17. Nb5 Be5 18. Bxe5 Ndxe5 19. g3 Nxc4 20. dxc4 Bxe4+ 21. Kg1
Ne5 22. Qe2 f5 23. b4 O-O-O 24. Nxa7+ Kb8 25. Nb5 Rdg8 26. Nc3 Nf3+ 27. Nxf3
gxf3 28. Rxf3 Qxh4 0-1

[Event "Landesklasse Ost 2012/2013"]
[Site "?"]
[Date "2012.12.16"]
[Round "4"]
[White "Schmidt, Uwe"]
[Black "Jank, Kevin"]
[Result "1-0"]
[WhiteElo "1942"]
[BlackElo "1650"]
[PlyCount "45"]
[EventDate "2012.??.??"]
[WhiteTeam "SV Medizin Erfurt"]
[BlackTeam "SG Arnstadt-Stadtilm"]

1. Nc3 d5 2. e4 d4 3. Nce2 g6 4. d3 Bg7 5. f4 c5 6. h3 Nc6 7. Nf3 e5 8. g3 Nge7
9. Bg2 f5 10. O-O O-O 11. Nxe5 Nxe5 12. fxe5 Bxe5 13. Bh6 Bg7 14. Qd2 Bd7 15.
Bg5 Bf6 16. Rae1 Nc6 17. Bh6 Re8 18. Kh2 Kh8 19. Nf4 Bg5 20. Nxg6+ hxg6 21.
Bxg5 Qb6 22. Bf6+ Kh7 23. Qg5 1-0

[Event "Landesklasse Ost 2012/2013"]
[Site "?"]
[Date "2012.12.16"]
[Round "4"]
[White "Zeising, Benjamin"]
[Black "Sunderbrink, Heino"]
[Result "0-1"]
[WhiteElo "1773"]
[BlackElo "1947"]
[PlyCount "78"]
[EventDate "2012.??.??"]
[WhiteTeam "SG Arnstadt-Stadtilm"]
[BlackTeam "SV Medizin Erfurt"]

1. e4 Nf6 2. e5 Nd5 3. c4 Nb6 4. c5 Nd5 5. Nc3 e6 6. d4 Nxc3 7. bxc3 b6 8. Qf3
Nc6 9. Bc4 bxc5 10. Ne2 cxd4 11. cxd4 Bb4+ 12. Kf1 O-O 13. Rb1 Ba5 14. h4 Bb6
15. Bg5 f6 16. exf6 gxf6 17. Bh6 Rf7 18. Rh3 Bb7 19. Rg3+ Kh8 20. Qh5 Qe7 21.
Qg4 Na5 22. Bd3 e5 23. Re1 e4 24. Nf4 f5 25. Qh5 Bxd4 26. Bg5 Qe8 27. Ng6+ Kg8
28. Ne5 Rg7 29. Qxe8+ Rxe8 30. Nf3 Bb6 31. Bc2 Kf7 32. Nd2 h6 33. Bf4 Rxg3 34.
Bxg3 d5 35. Bd1 Ba6+ 36. Kg1 Kg6 37. Bf4 Nc4 38. Nf3 Ba5 39. h5+ Kf7 0-1

[Event "Landesklasse Ost 2012/2013"]
[Site "?"]
[Date "2012.12.16"]
[Round "4"]
[White "Rost, Detlef"]
[Black "Habl, Klaus"]
[Result "1/2-1/2"]
[WhiteElo "1865"]
[BlackElo "1671"]
[PlyCount "38"]
[EventDate "2012.??.??"]
[WhiteTeam "SV Medizin Erfurt"]
[BlackTeam "SG Arnstadt-Stadtilm"]

1. d4 d5 2. c4 c6 3. Nf3 Nf6 4. Nc3 e6 5. e3 Be7 6. Bd3 dxc4 7. Bxc4 b5 8. Bd3
Nbd7 9. e4 a6 10. O-O Bb7 11. Qe2 c5 12. e5 Nd5 13. Nxd5 Bxd5 14. Be3 c4 15.
Bb1 b4 16. Nd2 Nb6 17. Qg4 g6 18. Rc1 Rc8 19. Be4 Bxe4 1/2-1/2

[Event "Landesklasse Ost 2012/2013"]
[Site "?"]
[Date "2012.12.16"]
[Round "4"]
[White "Specht, Horst"]
[Black "Nguyen, Huy Dat"]
[Result "1-0"]
[WhiteElo "1569"]
[BlackElo "1682"]
[PlyCount "101"]
[EventDate "2012.??.??"]
[WhiteTeam "SG Arnstadt-Stadtilm"]
[BlackTeam "SV Medizin Erfurt"]

1. d4 Nf6 2. Nf3 g6 3. c4 Bg7 4. Nc3 O-O 5. e4 d6 6. h3 e5 7. d5 a5 8. Be3 Na6
9. Rc1 b6 10. Bd3 Nh5 11. Qd2 Nc5 12. Bb1 f5 13. exf5 gxf5 14. Bh6 Bxh6 15.
Qxh6 Nf4 16. O-O Kh8 17. Ng5 Qe7 18. Nxh7 Qxh7 19. Qxf8+ Qg8 20. Qxg8+ Kxg8 21.
Kh2 Bd7 22. g3 Nfd3 23. Bxd3 Nxd3 24. Rc2 Kg7 25. Rd2 e4 26. f4 Rh8 27. Nd1 Nc5
28. Ne3 Kf6 29. Rb1 Be8 30. b4 axb4 31. Rxb4 Bh5 32. a4 Ra8 33. g4 fxg4 34.
hxg4 Be8 35. g5+ Kg6 36. Kg3 Nd3 37. Rb1 Rxa4 38. Rh1 Bf7 39. Rh6+ Kg7 40. Nf5+
Kf8 41. Rh8+ Bg8 42. Nh6 Ra3 43. Rxg8+ Ke7 44. Nf5+ Kf7 45. Rg7+ Kf8 46. Kg4 e3
47. Rh2 Nf2+ 48. Kf3 Nh3 49. Rxh3 e2+ 50. Kxe2 Rxh3 51. Rxc7 1-0